000 00547nam a2200181Ia 4500
005 20250326142843.0
008 250326s9999 xx 000 0 und d
037 _aTextbook
040 _aFMSL
_beng
_cFMSL
041 _aeng
_2eng
084 _aY:IobX:89ZB P0
_qFMSL
100 _aSchech S
_9746740
245 0 _aCulture and development : critical introduction
_cSchech S; Huggis J
260 _aUnited Kingdom
_bUnited Kingdom, Blackwell
_c2000
300 _a226p
942 _cTB
_hY:IobX:89ZB P0
999 _c1296949
_d1296949